Getting to grips with dilapidations (Record no. 83041)

MARC details
000 -LEADER
fixed length control field 00906cad a22002055a 4500
001 - CONTROL NUMBER
control field L152630
008 - FIXED-LENGTH DATA ELEMENTS--GENERAL INFORMATION
fixed length control field 110406s2011 xxk 000 0 eng d
035 ## - SYSTEM CONTROL NUMBER
System control number (Sirsi) u152630
041 0# - LANGUAGE CODE
Language code of text/sound track or separate title eng
100 1# - MAIN ENTRY--PERSONAL NAME
Personal name Woodman, John
245 00 - TITLE STATEMENT
Title Getting to grips with dilapidations
Medium [electronic resource]
260 ## - PUBLICATION, DISTRIBUTION, ETC.
Date of publication, distribution, etc. 2011
490 #0 - SERIES STATEMENT
Series statement RICS Commercial Property Journal
Volume/sequential designation March-April 2011, 22-23(2)
520 ## - SUMMARY, ETC.
Summary, etc. Dilapidations has suffered a poor press over the years. Asks whether it is a licence to print fee notes or the chance to give clients an early and speedy settlement reflecting an accurate and sustainable claim.
590 ## - LOCAL NOTE (RLIN)
Local note KA
651 #4 - SUBJECT ADDED ENTRY--GEOGRAPHIC NAME
Geographic name United Kingdom
Chronological subdivision
690 ## - LOCAL SUBJECT ADDED ENTRY--TOPICAL TERM (OCLC, RLIN)
Topical term or geographic name as entry element PROPERTY-LEASEHOLD PROPERTY-LANDLORD AND TENANT-DILAPIDATIONS
856 40 - ELECTRONIC LOCATION AND ACCESS
Uniform Resource Identifier <a href="https://www.rics.org/site/scripts/documents.aspx?categoryID=316">https://www.rics.org/site/scripts/documents.aspx?categoryID=316</a>
Public note RICS members can view this article free of charge at www.rics.org
942 ## - ADDED ENTRY ELEMENTS (KOHA)
Suppress in OPAC 0
Holdings
Withdrawn status Lost status Source of classification or shelving scheme Damaged status Not for loan Home library Current library Shelving location Date acquired Total Checkouts Full call number Barcode Date last seen Copy number Price effective from Koha item type
    Dewey Decimal Classification     Virtual Virtual Online 06/04/2011   ONLINE PUBLICATION 152630-2001 06/08/2019 1 06/08/2019 Journal article